000 01440nac a22003011u 4500
008 091018t xxu||||| |||| 00| 0 eng d
010 _a 2004056285
020 _a0750677856
020 _a9780750677851
082 0 0 _a665.5
_bSTA
100 _a20080729
_98928
245 0 0 _aStandard Handbook of Petroleum & Natural Gas Engineering /
_cEditors William C. Lyons, Gary J. Plisga
246 3 _aStandard handbook of petroleum and natural gas engineering
250 _a2nd ed.
260 _aBurlington, MA ;
_aOxford, UK :
_bGulf Professional Pub.,
_cc2005.
300 _a1 v. (various pagings) :
_bill. ;
_c27 cm.
504 _aIncludes bibliographical references and indexes.
650 0 _aPetroleum engineering.
_98929
650 0 _aNatural gas.
_98930
653 _bpet
700 1 _aLyons, William C.
_98931
700 1 _aPlisga, Gary J.
_98932
856 4 1 _3Table of contents
_uhttp://www.loc.gov/catdir/toc/els051/2004056285.html
856 4 1 _3Publisher description
_uhttp://www.loc.gov/catdir/description/els051/2004056285.html
942 _cREFERENCE
_k665.5 STA
_2ddc
999 _c1900
_d1900